skunk works (Record no. 321483)
[ view plain ]
| 000 -LEADER | |
|---|---|
| fixed length control field | 00268 a2200121 4500 |
| 001 - CONTROL NUMBER | |
| control field | 86410 |
| 082 ## - DEWEY DECIMAL CLASSIFICATION NUMBER | |
| Classification number | 338.7623746 RIC |
| 090 ## - LOCALLY ASSIGNED LC-TYPE CALL NUMBER (OCLC); LOCAL CALL NUMBER (RLIN) | |
| -- | 40606 |
| -- | 40606 |
| 100 ## - MAIN ENTRY--PERSONAL NAME | |
| Personal name | Rich Ben R. |
| 245 ## - TITLE STATEMENT | |
| Title | skunk works |
| 260 ## - PUBLICATION, DISTRIBUTION, ETC. | |
| Place of publication, distribution, etc. | NY |
| Name of publisher, distributor, etc. | Little Brown |
| Date of publication, distribution, etc. | 1999 |
| 300 ## - PHYSICAL DESCRIPTION | |
| Extent | x, 372 p. |
| 942 ## - ADDED ENTRY ELEMENTS (KOHA) | |
| Institution code [OBSOLETE] | NUST CAE |
| Call number prefix | 338.7623746 RIC |
| Withdrawn status | Lost status | Damaged status | Not for loan | Collection code | Permanent Location | Current Location | Date acquired | Total Checkouts | Full call number | Barcode | Date last seen | Price effective from | Koha item type |
|---|---|---|---|---|---|---|---|---|---|---|---|---|---|
| College of Aeronautical Engineering (CAE) | College of Aeronautical Engineering (CAE) | 04/03/2017 | 338.7623746 RIC | CAE85251 | 04/05/2017 | 04/05/2017 | Book |
